000 00271nam a22001217a 4500
003 SGT
082 _a320
_bB90B
100 _aBHUSHAN, PRASHANT
245 _aBOFORS: THE SELLING OF A NATION
260 _b VISION BOOKS PVT. LTD
_c1990
300 _a275
942 _2ddc
_cBK
999 _c31920
_d31920